000 00701nam a22001817a 4500
005 20240814173942.0
008 s2512 th tha d
041 _atha
245 1 0 _aข้อบังคับการประชุมปรึกษาของวุฒิสภา พ.ศ. 2512
260 3 _aพระนคร :
_bสำนักงานเลขาธิการรัฐสภา,
_c2512
300 _a78 หน้า ;
_b 21 ซม.
650 0 4 _aวุฒิสภา -- ข้อบังคับการประชุม -- 2512
850 _aNALT
942 _cLB
997 _c000000000018688
998 _aAREERAT
_j25
_k นีลวัสน์ อินทรักษา
999 _c18688
_d18688
090 _aKD262 ร362ข 2512